00537nam a2200205Ia 4500008004100000020001800041050001400059100002300073245002900096245005600125260001500181260001600196260000900212300001600221300002700237300001000264440004200274440000700316500000800323170918s9999 xx 000 0 und d a9780545108584 bO817 2007 aOsborne, Mary Pope aDragon of the red dawn / cby Mary Pope Osborne ; illustrated by Sal Murdocca. aNew York : bScholastic, c2007 a108 pages : bcolored illustration ; c19cm. aMagic tree house : a merlin mission ; v37 a580